Central Library OPAC University of Rajshahi

Lorenzo dei Medici and Renaissance Italy / (Record no. 71544)

MARC details
000 -LEADER
fixed length control field 00689nam a2200229 4500
001 - CONTROL NUMBER
control field 71544
003 - CONTROL NUMBER IDENTIFIER
rucl marc code BD-RjUL
005 - DATE AND TIME OF LATEST TRANSACTION
control field 20211209082128.0
008 - FIXED-LENGTH DATA ELEMENTS--GENERAL INFORMATION
fixed length control field 170504s1955 nyua 001 0beng d
035 ## - SYSTEM CONTROL NUMBER
System control number (BD-RjUL)71760
040 ## - CATALOGING SOURCE
Original cataloging agency DLC
Transcribing agency DLC
Modifying agency DLC
-- BD-RjUL
Language of cataloging eng
041 ## - LANGUAGE CODE
Language code of text/sound track or separate title eng
082 00 - DEWEY DECIMAL CLASSIFICATION NUMBER
Classification number 945.05
Edition number 23
Author mark and year ADL 1955
100 1# - MAIN ENTRY--PERSONAL NAME
Personal name Ady, Cecilia M.
Fuller form of name (Cecilia Mary),
Dates associated with a name 1881-1958.
9 (RLIN) 211697
245 00 - TITLE STATEMENT
Title Lorenzo dei Medici and Renaissance Italy /
Statement of responsibility, etc. Cecilia M. Ady.
260 ## - PUBLICATION, DISTRIBUTION, ETC. (IMPRINT)
Place of publication, distribution, etc. New York :
Name of publisher, distributor, etc. Macmillan,
Date of publication, distribution, etc. 1955
300 ## - PHYSICAL DESCRIPTION
Pagination 158 p. ;
Size 18 cm.
500 ## - GENERAL NOTE
General note Includes Indexes
600 10 - SUBJECT ADDED ENTRY--PERSONAL NAME
Personal name Medici, Lorenzo de',
Dates associated with a name 1449-1492.
650 #0 - SUBJECT ADDED ENTRY--TOPICAL TERM
Topical term or geographic name as entry element Renaissance
Geographic subdivision Italy.
9 (RLIN) 211699
942 ## - ADDED ENTRY ELEMENTS (KOHA)
Source of classification or shelving scheme Dewey Decimal Classification
Koha item type Books
Holdings
Lost status Source of classification or shelving scheme Damaged status Not for loan Collection code Permanent Location Current Location Shelving location Date acquired Source of acquisition Cost, normal purchase price Total Checkouts Full call number Date last seen Copy number Koha item type
  Dewey Decimal Classification   Not For Loan Non-fiction Central Library, University of Rajshahi Central Library, University of Rajshahi Reading Room 29/01/1964 Zeitlinger 0.00   945.05 ADL 1955 04/05/2017 C-1 Books